江西人口最多的20个县级行政区 20 most populous county-level regions in Jiangxi - Statistics

General Stats
  • This quiz has been taken 41 times
  • The average score is 14 of 20
Answer Stats
人口 地市 县区 % Correct
145 南昌市 南昌县
95%
112 宜春市 袁州区
86%
81 南昌市 新建区
81%
74 宜春市 高安市
81%
112 赣州市 章贡区
78%
107 宜春市 丰城市
78%
75 景德镇市 乐平市
73%
131 南昌市 青山湖区
70%
110 抚州市 临川区
70%
93 新余市 渝水区
70%
91 赣州市 于都县
70%
72 赣州市 兴国县
70%
118 上饶市 鄱阳县
68%
89 赣州市 南康区
68%
75 上饶市 广信区
65%
84 上饶市 余干县
62%
78 上饶市 广丰区
62%
71 九江市 修水县
62%
70 赣州市 宁都县
62%
67 赣州市 信丰县
51%
No matching quizzes found
Score Distribution
Percent of People with Each Score
Percentile by Number Answered
Your Score History
You have not taken this quiz